00727nam a2200169Ia 450000500170000000800410001702000060005808200130006424500500007726000850012730000130021250001810022570000320040694200060043895200980044499900150054220241129011719.0240331s9999 xx 000 0 und d a  bSTOa891 0aStorylines :bconversation with women writers aDelhi & HyderabadbWomen's World(India) & Asmita Resource Centre for Womenc2003 a312 p ., aThe interview in this volume are the outcome of a series of workshops held with women writers during 1999 - 2001, on the question of gender-based censorship and related issues. aJoseph, A and others. eedt cL 001040708LaWERCLbWERCLcSSCd2024-03-31l0o 891.48 STOp5476r2024-03-31w2024-03-31yL c3381d3381